[Event "Eastpointe (US Am N/6/27)"]
[Site "?"]
[Date "1994.??.??"]
[Round "?"]
[White "Hayes, P."]
[Black "Mahabir, Jagdesh"]
[Result "1-0"]
[WhiteElo "1605"]
[BlackElo "1605"]
[PlyCount "120"]
[EventDate "1994.??.??"]

{6/(27)} 1. e4 d6 2. d4 Nf6 3. Bd3 g6 4. Nc3 Bg7 5. Be3 b6 6. f3 Nbd7 7. Bb5
O-O 8. Bc6 Rb8 9. Nb5 a6 10. Na7 Bb7 11. Bxb7 Rxb7 12. Nc6 Qe8 13. Qd2 Nb8 14.
Nxb8 Rxb8 15. Bh6 Qc6 16. Bxg7 Kxg7 17. Ne2 e5 18. O-O-O Rfd8 19. d5 Qc5 20. g4
Ne8 21. h4 h6 22. f4 f6 23. g5 h5 24. f5 Qc4 25. Nc3 gxf5 26. exf5 Qf4 27. Qxf4
exf4 28. Rdf1 Kf7 29. Rxf4 Ng7 30. Ne4 Rd7 31. Nxf6 Re7 32. Kd2 Ne8 33. Nxh5
Re5 34. c4 b5 35. Re1 bxc4 36. Rxe5 dxe5 37. Rxc4 Rxb2+ 38. Ke3 Rxa2 39. Re4
Ra3+ 40. Kd2 Rh3 41. g6+ Kf8 42. Ke2 Ng7 43. Nf6 Nxf5 44. Nd7+ Kg7 45. Rxe5
Nd4+ 46. Kd1 Rxh4 47. Nc5 a5 48. Re7+ Kxg6 49. Rxc7 Kf6 50. d6 Ne6 51. Nxe6
Kxe6 52. d7 Ke7 53. Ra7 Rd4+ 54. Kc2 Rxd7 55. Rxa5 Ke6 56. Kc3 Ke7 57. Kc4 Kd8
58. Kc5 Ke8 59. Kc6 Rd8 60. Ra7 Rd1 1-0

[Event "Detroit (MOR/3/47)"]
[Site "?"]
[Date "1994.??.??"]
[Round "?"]
[White "Hayes, P."]
[Black "Krzyston, Joe"]
[Result "1-0"]
[WhiteElo "1605"]
[BlackElo "1605"]
[PlyCount "95"]
[EventDate "1994.??.??"]

{3/(47)} 1. e4 c5 2. c3 d6 3. d4 Nc6 4. Nf3 Nf6 5. Nbd2 d5 6. exd5 Nxd5 7. dxc5
e6 8. Nb3 Be7 9. Be2 Nf6 10. Nfd4 O-O 11. O-O Nxd4 12. cxd4 Qc7 13. Be3 b6 14.
Rc1 e5 15. cxb6 Qxb6 16. dxe5 Qe6 17. exf6 Bxf6 18. Bc4 Qg4 19. Be2 Qg5 20. Bh5
Qf5 21. Rc5 Qe4 22. Bf3 Qg6 23. Bxa8 Bh3 24. Bf3 h5 25. Rxh5 Bf5 26. Qd5 Be6
27. Qe4 Qxe4 28. Bxe4 Bxb2 29. Bh7+ Kh8 30. Bf5+ Kg8 31. Bxe6 fxe6 32. Bd4 Ba3
33. Nc5 Bxc5 34. Bxc5 Rf7 35. Re1 Rd7 36. Rhe5 a5 37. Rxe6 Rd5 38. R6e5 Rd2 39.
a3 Rc2 40. g4 Rc4 41. g5 Kh7 42. h3 Kg6 43. Kg2 Kh5 44. Kg3 g6 45. Be3 Rc3 46.
Re8 Rc7 47. Rh8+ Rh7 48. Rxh7# 1-0

[Event "Eastpointe (US Am N/2/20)"]
[Site "?"]
[Date "1994.??.??"]
[Round "?"]
[White "Hayes, P."]
[Black "Franke, R."]
[Result "1-0"]
[WhiteElo "1605"]
[BlackElo "1800"]
[PlyCount "70"]
[EventDate "1994.??.??"]

{2/(20)} 1. e4 c5 2. c3 e5 3. Nf3 d6 4. d4 Qc7 5. dxe5 dxe5 6. Nbd2 Nc6 7. Bc4
h6 8. O-O a6 9. a4 Nf6 10. Re1 Be7 11. h3 O-O 12. Qc2 Bd7 13. Nf1 Rab8 14. Ne3
b5 15. axb5 axb5 16. Bd5 c4 17. Nh4 Kh8 18. Nhf5 Bc5 19. Ng4 Nxg4 20. hxg4 Ne7
21. Nxe7 Bxe7 22. g5 hxg5 23. g3 g6 24. Be3 Bc6 25. Ra7 Rb7 26. Rea1 Bxd5 27.
exd5 Rfb8 28. f3 Bc5 29. Bxc5 Qxc5+ 30. Qf2 Qxd5 31. Qe3 Kg7 32. Rxb7 Rxb7 33.
Qxg5 f6 34. Qe3 Rd7 35. Rf1 g5 $138 1-0

[Event "Detroit (MOR/5/30)"]
[Site "?"]
[Date "1994.??.??"]
[Round "?"]
[White "Hayes, P."]
[Black "Bailey, Jason"]
[Result "0-1"]
[WhiteElo "1605"]
[BlackElo "1710"]
[PlyCount "118"]
[EventDate "1994.??.??"]

{5/(30)} 1. e4 c5 2. Nf3 d6 3. d4 cxd4 4. Nxd4 Nf6 5. Nc3 g6 6. Be3 Bg7 7. f3
O-O 8. Qd2 Nc6 9. Nxc6 bxc6 10. Bh6 Rb8 11. Bxg7 Kxg7 12. O-O-O Qa5 13. Bc4 Ba6
14. Bb3 c5 15. Nd5 Qxd2+ 16. Rxd2 Nxd5 17. Bxd5 e6 18. Bb3 Rfd8 19. a3 Bb5 20.
g4 Rbc8 21. c4 Bc6 22. h4 Rb8 23. Bc2 d5 24. cxd5 exd5 25. exd5 Rxd5 26. Rxd5
Bxd5 27. Rf1 Bb3 28. Re1 Rb7 29. Re3 c4 30. Bxb3 cxb3 31. Kd2 a5 32. Re5 Rc7
33. Rxa5 Rc2+ 34. Kd3 Rxb2 35. Kc3 Rf2 36. Kxb3 Rxf3+ 37. Kc2 Rf4 38. h5 Rxg4
39. hxg6 hxg6 40. Rd5 Ra4 41. Kb3 Ra8 42. a4 f5 43. a5 Kf6 44. Kc4 g5 45. Kd4
Ra6 46. Ke3 Rc6 47. Rb5 f4+ 48. Kf3 Rc3+ 49. Ke4 Kg6 50. Rb6+ Kh5 51. a6 Ra3
52. Rf6 Kg4 53. Kd4 Kg3 54. Kc5 f3 55. Kb6 g4 56. a7 f2 57. Kb7 Rxa7+ 58. Kxa7
Kg2 59. Kb6 f1=Q 0-1

[Event "Detroit (MOR/1b/23)"]
[Site "?"]
[Date "1994.??.??"]
[Round "?"]
[White "Hayes, P."]
[Black "Arwashan, N."]
[Result "0-1"]
[WhiteElo "1605"]
[BlackElo "1605"]
[PlyCount "70"]
[EventDate "1994.??.??"]

1. e4 e5 2. Nf3 Nc6 3. d4 d6 4. Bc4 Bg4 5. dxe5 Nxe5 6. Be2 Nf6 7. Nxe5 Bxe2 8.
Qxe2 dxe5 9. Qb5+ Nd7 10. Qxb7 Bc5 11. O-O O-O 12. Qd5 Qe7 13. Nc3 Nf6 14. Qc4
Ng4 15. Nd5 Qh4 16. h3 Bxf2+ 17. Kh1 Bd4 18. c3 Nf2+ 19. Kh2 Bb6 20. Nxb6 cxb6
21. Qc7 Rad8 22. Qxe5 Rd3 23. Kg1 Nxh3+ 24. gxh3 Rg3+ 25. Qxg3 Qxg3+ 26. Kh1
Qxh3+ 27. Kg1 Re8 28. Re1 Rd8 29. Be3 Rd6 30. Kf2 Qh2+ 31. Kf3 Rf6+ 32. Kg4
Qg2+ 33. Kh4 Rg6 34. Bg5 Qxg5+ 35. Kh3 Qg3# 0-1

[Event "Detroit (MOR/7/43)"]
[Site "?"]
[Date "1994.??.??"]
[Round "?"]
[White "Hayes, P."]
[Black "Anderson, JE."]
[Result "1-0"]
[WhiteElo "1605"]
[BlackElo "1605"]
[PlyCount "73"]
[EventDate "1994.??.??"]

{7/(43)} 1. e4 c5 2. c3 Nf6 3. e5 Nd5 4. d4 cxd4 5. cxd4 Nc6 6. Nf3 e6 7. a3 a6
8. Nc3 Qa5 9. Bd2 Nxc3 10. Bxc3 Qd5 11. Bd3 d6 12. O-O dxe5 13. dxe5 Bc5 14.
Re1 Nd4 15. Nxd4 Bxd4 16. Qa4+ Qd7 17. Qxd4 Qxd4 18. Bxd4 O-O 19. Bc5 Rd8 20.
Bd6 Bd7 21. Be4 Bc6 22. Bxc6 bxc6 23. Rac1 Rdc8 24. Rc5 Ra7 25. Rec1 Rb7 26. b4
Rb6 27. f4 h6 28. Kf2 g5 29. g3 Kg7 30. fxg5 hxg5 31. Be7 Re8 32. Bf6+ Kg6 33.
Rxc6 Rxc6 34. Rxc6 Ra8 35. Kf3 Kh5 36. h3 Rd8 37. Bxd8 1-0

[Event "Grand Rapids (MI Am/2/34)"]
[Site "?"]
[Date "1994.??.??"]
[Round "?"]
[White "Hayes, D."]
[Black "Phalen, Michael"]
[Result "0-1"]
[WhiteElo "1605"]
[BlackElo "1605"]
[PlyCount "74"]
[EventDate "1994.??.??"]

{2/(34)} 1. e4 e5 2. Nf3 Nf6 3. Nc3 Nc6 4. Bc4 Bc5 5. d3 h6 6. O-O d6 7. h3 O-O
8. a3 a5 9. Bd2 Be6 10. Bxe6 fxe6 11. Qc1 Kh7 12. Be3 Bd4 13. Bxd4 Nxd4 14.
Nxd4 exd4 15. Ne2 c5 16. Nf4 Qd7 17. Qd2 e5 18. Ne2 d5 19. Ng3 Ra6 20. Rab1
dxe4 21. Nxe4 Nxe4 22. dxe4 Rg6 23. Kh1 b6 24. Rbd1 Rf4 25. f3 Qe7 26. Rf2 Qe6
27. c3 Rh4 28. cxd4 Rxh3+ 29. gxh3 Qxh3+ 30. Rh2 Qxf3+ 31. Rg2 Rxg2 32. Qxg2
Qxd1+ 33. Qg1 Qxg1+ 34. Kxg1 cxd4 35. Kf2 h5 36. b3 h4 37. a4 h3 0-1

[Event "Grand Rapids (MI Am/5/32)"]
[Site "?"]
[Date "1994.??.??"]
[Round "?"]
[White "Hayes, D."]
[Black "Jackson, Don"]
[Result "0-1"]
[WhiteElo "1605"]
[BlackElo "1605"]
[PlyCount "74"]
[EventDate "1994.??.??"]

{5/(32)} 1. e4 h6 2. d4 g5 3. Nc3 Bg7 4. Be3 b6 5. Bd3 Bb7 6. Nf3 e6 7. Qd2 a6
8. O-O-O Ne7 9. h4 g4 10. Ne5 h5 11. Rdf1 d6 12. Nc4 Nbc6 13. Be2 b5 14. d5
exd5 15. exd5 Ne5 16. Nxe5 Bxe5 17. Bd4 Qd7 18. Bxe5 dxe5 19. Qe3 f6 20. Rd1
O-O-O 21. Qa7 Qe8 22. Ne4 Nxd5 23. f3 Qc6 24. Kb1 Nf4 25. Qf2 Qb6 26. Qxb6 cxb6
27. Nd6+ Rxd6 28. Rxd6 Nxe2 29. Rxf6 gxf3 30. gxf3 e4 31. fxe4 Bxe4 32. Re1 Rd8
33. b3 Rd2 34. Kb2 Rxc2+ 35. Ka3 Nc3 36. Ra1 b4+ 37. Kxb4 Nd5+ 0-1

[Event "Eastpointe (MI Action/3/22)"]
[Site "?"]
[Date "1994.??.??"]
[Round "?"]
[White "Hayes, B."]
[Black "Parker, Den"]
[Result "0-1"]
[WhiteElo "1605"]
[BlackElo "1605"]
[PlyCount "32"]
[EventDate "1994.??.??"]

{3/(22)} 1. e4 e5 2. Nf3 d6 3. d3 Nc6 4. Nc3 Nf6 5. b3 Be7 6. Be3 O-O 7. Be2
Be6 8. O-O Ng4 9. h3 Nxe3 10. fxe3 Bh4 11. d4 Qf6 12. dxe5 dxe5 13. Nd4 Qg6 14.
Nxc6 Bxh3 15. Ne7+ Bxe7 16. Rf3 Qxg2# 0-1

[Event "Eastpointe (MI Action/5/23)"]
[Site "?"]
[Date "1994.??.??"]
[Round "?"]
[White "Hayes, B."]
[Black "Manus, J."]
[Result "0-1"]
[WhiteElo "1605"]
[BlackElo "1605"]
[PlyCount "78"]
[EventDate "1994.??.??"]

{5/(23)} 1. e4 e5 2. Nf3 Nc6 3. Nc3 Nf6 4. d3 Be7 5. Be2 O-O 6. O-O Nd4 7. Nxd4
exd4 8. Nd5 c6 9. Nf4 d6 10. c3 dxc3 11. bxc3 Nd7 12. c4 Bg5 13. f3 Qf6 14. Nh5
Qxa1 15. Bxg5 Qxd1 16. Rxd1 g6 17. Nf4 Rb8 18. Rb1 Nc5 19. h3 f5 20. exf5 Rxf5
21. h4 h6 22. Bxh6 Kh7 23. g4 Rf7 24. d4 Kxh6 25. g5+ Kg7 26. dxc5 Rxf4 27.
cxd6 Bd7 28. a4 Re8 29. Bd3 Rxf3 30. h5 gxh5 31. Bf1 h4 32. Rb2 h3 33. Rh2 Re1
34. Re2 Rexf1+ 35. Kh2 R1f2+ 36. Rxf2 Rxf2+ 37. Kg1 h2+ 38. Kh1 c5 39. g6 Bc6#
0-1

[Event "Eastpointe (MI Action/1/14)"]
[Site "?"]
[Date "1994.??.??"]
[Round "?"]
[White "Hayes, B."]
[Black "Calton, David A"]
[Result "0-1"]
[WhiteElo "1605"]
[BlackElo "1880"]
[PlyCount "30"]
[EventDate "1994.??.??"]

{1/(14)} 1. e4 e5 2. Nf3 Nf6 3. Be2 Nc6 4. Nc3 Bc5 5. O-O O-O 6. b3 d6 7. Bb2
Nd4 8. g3 Bh3 9. Re1 Qd7 10. a4 Ng4 11. Nxd4 Bxd4 12. Bxg4 Bxg4 13. Qc1 Bf3 14.
Nd5 Qh3 15. d3 Qg2# 0-1

[Event "Detroit (MCO/Ch/2a/9)"]
[Site "?"]
[Date "1994.??.??"]
[Round "?"]
[White "Hater, David"]
[Black "Everett, Morgan"]
[Result "0-1"]
[WhiteElo "2040"]
[BlackElo "2150"]
[PlyCount "86"]
[EventDate "1994.??.??"]

1. e4 e5 2. Nf3 Nc6 3. d4 exd4 4. Bc4 Nf6 5. O-O Nxe4 6. Re1 d5 7. Bxd5 Qxd5 8.
Nc3 Qa5 9. Nxe4 Be6 10. Neg5 O-O-O 11. Nxe6 fxe6 12. Rxe6 Bd6 13. Qe2 Qh5 14.
h3 Rde8 15. Bd2 Be5 16. Qc4 Qf5 17. Rxe8+ Rxe8 18. Nxe5 Nxe5 19. Qxd4 Rd8 20.
Qc3 g5 21. Re1 Nc6 22. Be3 h5 23. Qc5 Rd5 24. Qc3 g4 25. Bc1 Ne5 26. b3 gxh3
27. Qxh3 Qxh3 28. gxh3 Nf3+ 29. Kf1 Nxe1 30. Kxe1 Kd7 31. Ke2 Ke6 32. Bf4 c6
33. Ke3 Kf5 34. Bb8 a6 35. f4 Rd1 36. Kf3 Rd2 37. Kg3 Rxc2 38. Kh4 Rc3 39. Bd6
c5 40. a4 Rxb3 41. Bxc5 Rd3 42. a5 Kxf4 43. Kxh5 Rd5+ 0-1

[Event "Detroit (MCO/Ch/1a/9)"]
[Site "?"]
[Date "1994.??.??"]
[Round "?"]
[White "Hater, David"]
[Black "Brooks, John"]
[Result "0-1"]
[WhiteElo "2040"]
[BlackElo "2225"]
[PlyCount "134"]
[EventDate "1994.??.??"]

1. e4 c5 2. Nf3 e6 3. d4 cxd4 4. Nxd4 Nf6 5. Nc3 Bb4 6. Bd3 Nc6 7. Nxc6 bxc6 8.
O-O d5 9. e5 Nd7 10. Qg4 Bf8 11. f4 g6 12. Be3 c5 13. Na4 Qa5 14. b3 Nb6 15.
Nxb6 axb6 16. a4 Bd7 17. Qg5 Bc6 18. Qf6 Rg8 19. Qh4 h5 20. Qe1 Qa7 21. Qe2 Be7
22. Bb5 Qd7 23. Bxc6 Qxc6 24. Qb5 Kd7 25. Qxc6+ Kxc6 26. c3 Ra6 27. Rf2 Rga8
28. Rfa2 Kb7 29. Kf1 Ra5 30. Ke2 f6 31. exf6 Bxf6 32. Kd3 Rc8 33. Rb1 b5 34.
Re2 bxa4 35. bxa4+ Kc6 36. Bf2 Re8 37. Rbe1 Kd7 38. Rb2 c4+ 39. Kc2 Rxa4 40.
Reb1 Rc8 41. Bg3 h4 42. Be1 g5 43. fxg5 Bxg5 44. Rb7+ Rc7 45. Rb8 Bd8 46. R1b2
Ra1 47. Kd2 d4 48. Ke2 d3+ 49. Kf2 Bg5 50. Rg8 Bc1 51. Rg7+ Kd6 52. Rxc7 Kxc7
53. Rb4 Be3+ 54. Kxe3 Rxe1+ 55. Kd2 Re2+ 56. Kd1 Re4 57. g3 h3 58. Rb5 Re2 59.
Rc5+ Kb6 60. Rxc4 Rxh2 61. Rh4 e5 62. Rb4+ Kc6 63. Rh4 Kc5 64. Rh5 Kd5 65. c4+
Kxc4 66. Rxe5 Rg2 67. Re1 h2 0-1

[Event "Eastpointe (US Am N/2/23)"]
[Site "?"]
[Date "1994.??.??"]
[Round "?"]
[White "Hartwig, W."]
[Black "Rosebrook, G."]
[Result "1/2-1/2"]
[WhiteElo "1605"]
[BlackElo "1605"]
[PlyCount "80"]
[EventDate "1994.??.??"]

{2/(23)} 1. d4 Nf6 2. e3 b6 3. Bd3 Bb7 4. f3 e6 5. Nh3 Bd6 6. O-O Nc6 7. c3 Ne7
8. Nd2 c5 9. Ne4 Nxe4 10. fxe4 Qc7 11. e5 Bxg2 12. exd6 Qc6 13. Rf2 Bxh3 14.
Qf3 Qxf3 15. Rxf3 Bg4 16. Rg3 Bh5 17. dxe7 Kxe7 18. Rxg7 Kf6 19. Rxh7 Rhg8+ 20.
Kf2 Bd1 21. Bd2 Ba4 22. Rg1 Bc6 23. Rh6+ Ke7 24. e4 Rxg1 25. Kxg1 Rg8+ 26. Kf2
c4 27. Be2 Bxe4 28. Bf3 Bf5 29. h4 a5 30. Bg5+ Kd6 31. d5 b5 32. Rf6 Bg6 33. h5
Bxh5 34. Bxh5 Rxg5 35. Bxf7 Rxd5 36. Ke2 Rg5 37. Rf2 Ke7 38. Kf1 d6 39. Ke2
Re5+ 40. Kd2 Rg5 1/2-1/2

[Event "Eastpointe (EDO/5/23)"]
[Site "?"]
[Date "1994.??.??"]
[Round "?"]
[White "Hartwig, W."]
[Black "Piasecki, Vince"]
[Result "0-1"]
[WhiteElo "1605"]
[BlackElo "1605"]
[PlyCount "48"]
[EventDate "1994.??.??"]

{5/(23)} 1. d4 e6 2. e3 Nf6 3. Bd3 Nc6 4. c3 b6 5. Nd2 Bb7 6. f4 Nb4 7. cxb4
Bxg2 8. Be4 Nxe4 9. Nxe4 Bxh1 10. Nf2 Bxb4+ 11. Bd2 Bxd2+ 12. Qxd2 Bb7 13.
O-O-O O-O 14. Ngh3 Qe7 15. Ng5 Rfc8 16. Qd3 f5 17. h4 a5 18. a3 Ba6 19. Qc3 c5
20. Kb1 cxd4 21. Qxd4 d5 22. Qxb6 h6 23. Nf3 Rcb8 24. Qxa5 Bd3+ 0-1

[Event "Eastpointe (US Am N/6/30)"]
[Site "?"]
[Date "1994.??.??"]
[Round "?"]
[White "Hartwig, W."]
[Black "McFolley, John"]
[Result "0-1"]
[WhiteElo "1605"]
[BlackElo "1605"]
[PlyCount "60"]
[EventDate "1994.??.??"]

{6/(30)} 1. d4 d5 2. e3 Nf6 3. Bd3 e6 4. Nd2 Bd6 5. Ngf3 Nbd7 6. c3 O-O 7. O-O
Re8 8. Ne5 c5 9. g4 Nxe5 10. dxe5 Bxe5 11. g5 Nd7 12. f4 Bd6 13. Nf3 e5 14.
fxe5 Nxe5 15. Nxe5 Qxg5+ 16. Ng4 Bxg4 17. Qc2 Bh3+ 18. Kh1 Bxf1 19. Bxf1 Re4
20. Bg2 Rh4 21. h3 Qg3 22. Bf1 Qf3+ 23. Qg2 Rxh3+ 24. Kg1 Rg3 25. Bd2 Rxg2+ 26.
Bxg2 Qg3 27. Be1 Qxe3+ 28. Bf2 Bh2+ 29. Kf1 Qd3+ 30. Ke1 Re8+ 0-1

[Event "Eastpointe (US Am N/4/33)"]
[Site "?"]
[Date "1994.??.??"]
[Round "?"]
[White "Hartwig, W."]
[Black "Kane, Paul"]
[Result "1/2-1/2"]
[WhiteElo "1605"]
[BlackElo "1605"]
[PlyCount "70"]
[EventDate "1994.??.??"]

{4/(33)} 1. d4 d5 2. e3 Bf5 3. g4 Bg6 4. Nf3 e6 5. Nc3 Bd6 6. Ne5 f6 7. Nxg6
hxg6 8. Bd3 Ne7 9. e4 dxe4 10. Nxe4 Rxh2 11. Rxh2 Bxh2 12. c3 Nbc6 13. Qe2 Nd5
14. Nc5 e5 15. Bxg6+ Ke7 16. Nxb7 Qh8 17. Bd2 Bf4 18. O-O-O Bxd2+ 19. Rxd2 Nf4
20. Qe4 Nxg6 21. Qxg6 Qh1+ 22. Kc2 Qh6 23. Qe4 Nd8 24. dxe5 fxe5 25. Qxe5+ Ne6
26. Nc5 Qh7+ 27. Rd3 Qg6 28. Nxe6 Qxe6 29. Qc5+ Kf7 30. Qxc7+ Kg8 31. Re3 Qg6+
32. Kb3 Qxg4 33. Rg3 Qe6+ 34. c4 g6 35. Re3 Qb6+ 1/2-1/2

[Event "Eastpointe (EDO/2/25)"]
[Site "?"]
[Date "1994.??.??"]
[Round "?"]
[White "Hartwig, W."]
[Black "Herzog, M."]
[Result "0-1"]
[WhiteElo "1605"]
[BlackElo "1635"]
[PlyCount "58"]
[EventDate "1994.??.??"]

{2/(25)} 1. d4 Nf6 2. e3 e6 3. Bd3 d5 4. Nd2 c5 5. c3 Qc7 6. f4 Be7 7. Ngf3 b6
8. Ne5 Ba6 9. Bc2 Nfd7 10. b3 Nxe5 11. fxe5 Nd7 12. c4 cxd4 13. exd4 dxc4 14.
Ne4 Rd8 15. O-O Nxe5 16. Qh5 cxb3 17. Rf4 Ng6 18. Nd6+ Bxd6 19. Rf2 bxc2 20.
Qf3 O-O 21. Qb3 Bxh2+ 22. Kh1 Rxd4 23. Bd2 Rh4 24. g3 Qc6+ 25. Qf3 Bxg3+ 26.
Kg2 Qxf3+ 27. Rxf3 Be5 28. Rc1 Rh2+ 29. Kg1 Rxd2 0-1

[Event "Detroit (Class DE/2/20)"]
[Site "?"]
[Date "1994.??.??"]
[Round "?"]
[White "Hartwig, Thomas"]
[Black "Zuniga, Jesus"]
[Result "1-0"]
[WhiteElo "1605"]
[BlackElo "1605"]
[PlyCount "49"]
[EventDate "1994.??.??"]

{2/(20)} 1. e4 c5 2. Nf3 d6 3. d4 cxd4 4. Nxd4 Nf6 5. Nc3 g6 6. Be3 Bg7 7. Be2
O-O 8. Qd2 Qc7 9. Bh6 Nbd7 10. O-O-O Ne5 11. Bxg7 Kxg7 12. f3 Nc4 13. Bxc4 Qxc4
14. g4 d5 15. exd5 Nxd5 16. Nxd5 Qxd5 17. Nf5+ Qxf5 18. gxf5 Bxf5 19. h4 Rac8
20. c3 b5 21. a3 a5 22. b4 axb4 23. axb4 Ra8 24. h5 Ra7 25. Qd4+ 1-0

[Event "Trenton (Oct)"]
[Site "?"]
[Date "1994.??.??"]
[Round "?"]
[White "Hartwig, Thomas"]
[Black "Woolery, Bob"]
[Result "0-1"]
[WhiteElo "1605"]
[BlackElo "1605"]
[PlyCount "26"]
[EventDate "1994.??.??"]

1. e4 c5 2. d4 cxd4 3. Nf3 d6 4. Nxd4 Nf6 5. Nc3 a6 6. Bg5 e6 7. f4 Be7 8. Be2
Nc6 9. O-O O-O 10. Qd2 Qb6 11. Rfd1 e5 12. fxe5 dxe5 13. Na4 Qxd4+ {[Remainder
illegible; 0-1, 21?]} 0-1

[Event "Eastpointe (MI Action/5/19)"]
[Site "?"]
[Date "1994.??.??"]
[Round "?"]
[White "Hartwig, Thomas"]
[Black "Woods, O."]
[Result "1-0"]
[WhiteElo "1605"]
[BlackElo "1605"]
[PlyCount "95"]
[EventDate "1994.??.??"]

{5/(19)} 1. e4 e6 2. d4 d5 3. Nc3 c5 4. dxc5 Bxc5 5. exd5 Qf6 6. Nf3 Bb4 7. Bd2
Bc5 8. Bg5 Qf5 9. Bd3 Qg4 10. O-O h6 11. h3 Qb4 12. Bd2 Qxb2 13. Rb1 Qa3 14.
Nb5 Bxf2+ 15. Rxf2 Qe7 16. dxe6 Bxe6 17. Qe2 a6 18. Nbd4 Bxa2 19. Rxb7 Qxe2 20.
Rxe2+ Be6 21. Nxe6 fxe6 22. Rxe6+ Kd8 23. Bf4 Nf6 24. Rxb8+ Rxb8 25. Bxb8 Kd7
26. Rd6+ Ke7 27. Rb6 Nd7 28. Bd6+ Kd8 29. Rxa6 Rf8 30. Ra8+ Nb8 31. Rxb8+ Kd7
32. Bxf8 Ke6 33. Rb5 Kf7 34. Bxg7 Kxg7 35. Rb6 Kf7 36. Kf2 h5 37. Ke3 h4 38.
Kf4 Ke7 39. Ke5 Kd7 40. Re6 Kc7 41. Rd6 Kb7 42. Kd5 Kc7 43. Kc5 Kb7 44. Rc6 Ka7
45. Rb6 Ka8 46. Kc6 Ka7 47. Kc7 Ka8 48. Ra6# 1-0

[Event "Eastpointe (MI Action/2/21)"]
[Site "?"]
[Date "1994.??.??"]
[Round "?"]
[White "Hartwig, Thomas"]
[Black "Wood, C."]
[Result "1-0"]
[WhiteElo "1605"]
[BlackElo "1605"]
[PlyCount "89"]
[EventDate "1994.??.??"]

{2/(21)} 1. e4 e5 2. Nf3 Nc6 3. Bc4 Bc5 4. c3 Nf6 5. d4 exd4 6. cxd4 Bb4+ 7.
Nc3 O-O 8. e5 Ne4 9. Qc2 d5 10. Bd3 Bf5 11. O-O f6 12. Nxe4 dxe4 13. Bxe4 fxe5
14. Bxf5 Rxf5 15. Qxf5 Nxd4 16. Nxd4 Qxd4 17. Qc2 Bd6 18. Be3 Qh4 19. b3 e4 20.
g3 Qh3 21. Qxe4 Rf8 22. Rae1 h5 23. Bxa7 h4 24. Qe6+ Qxe6 25. Rxe6 hxg3 26.
fxg3 Bb4 27. Rxf8+ Kxf8 28. Re5 c6 29. Bc5+ Kg8 30. Bxb4 b6 31. Re6 c5 32. Bxc5
bxc5 33. Rc6 c4 34. Rxc4 g5 35. Rg4 Kg7 36. Rxg5+ Kh6 37. h4 Kh7 38. Kf2 Kh6
39. Kf3 Kh7 40. Kg4 Kh6 41. Kf5 Kh7 42. Rg6 Kh8 43. Kf6 Kh7 44. Kf7 Kh8 45.
Rh6# 1-0

[Event "Eastpointe (MI Action/6/14)"]
[Site "?"]
[Date "1994.??.??"]
[Round "?"]
[White "Hartwig, Thomas"]
[Black "Wensink, E."]
[Result "1-0"]
[WhiteElo "1605"]
[BlackElo "1605"]
[PlyCount "65"]
[EventDate "1994.??.??"]

{6/(14)} 1. e4 e5 2. Nf3 Nc6 3. Bc4 Nf6 4. Ng5 d5 5. exd5 Nxd5 6. d4 h6 7. dxe5
hxg5 8. Qxd5 Qxd5 9. Bxd5 Nxe5 10. Bxg5 f6 11. Bf4 g5 12. Bxe5 fxe5 13. O-O Bd6
14. Nc3 Bf5 15. Be4 Be6 16. Bxb7 Rb8 17. Be4 Rxb2 18. Rab1 Rxb1 19. Rxb1 a5 20.
Rb8+ Ke7 21. Rxh8 Bb4 22. Nd5+ Bxd5 23. Bxd5 c5 24. Rb8 Kf6 25. Rxb4 axb4 26.
Kf1 Kf5 27. Ke2 Kf4 28. Kd3 g4 29. Kc4 e4 30. Bxe4 Kxe4 31. Kxc5 Ke5 32. Kxb4
Kd4 33. a4 1-0

[Event "Eastpointe (US Am N/1b/14)"]
[Site "?"]
[Date "1994.??.??"]
[Round "?"]
[White "Hartwig, Thomas"]
[Black "Walker, LeRoy"]
[Result "0-1"]
[WhiteElo "1605"]
[BlackElo "1810"]
[PlyCount "120"]
[EventDate "1994.??.??"]

1. e4 c6 2. d4 d5 3. exd5 Qxd5 4. Nc3 Qa5 5. Nf3 Nf6 6. Bd2 Bf5 7. Ne4 Qc7 8.
Nxf6+ gxf6 9. Bc4 e6 10. Qe2 Nd7 11. O-O-O O-O-O 12. Qe1 h5 13. Ba5 Nb6 14. Be2
Rd5 15. Bc4 Rxa5 16. Bxe6+ fxe6 17. Qxa5 Kb8 18. Rhe1 Nd5 19. Qxc7+ Nxc7 20. h3
Kc8 21. Nh4 Bh7 22. b3 Kd7 23. Kb2 Nb5 24. a4 Nd6 25. c4 Bh6 26. Nf3 Rg8 27. g3
a5 28. Nd2 b6 29. c5 Nc8 30. Nc4 Bf8 31. cxb6 Bb4 32. Re3 Nd6 33. d5 cxd5 34.
Nxd6 Kxd6 35. Rc1 Bc5 36. Rec3 Bd4 37. Ka3 Bxc3 38. Rxc3 Rb8 39. Rc7 Be4 40.
Ra7 Rxb6 41. Rxa5 d4 42. Kb2 Bd5 43. g4 Rxb3+ 44. Kc2 Rxh3 45. Ra6+ Ke5 46. a5
hxg4 47. Rb6 f5 48. a6 Ke4 49. Rb7 Bxb7 50. f3+ Kxf3 51. axb7 Rh8 52. Kd2 Rb8
53. Ke1 Rxb7 54. Kd2 g3 55. Ke1 g2 56. Kd2 Rc7 57. Kd3 e5 58. Kd2 e4 59. Kd1
g1=Q+ 60. Kd2 Qc1# 0-1

[Event "Eastpointe (US Am N/3/29)"]
[Site "?"]
[Date "1994.??.??"]
[Round "?"]
[White "Hartwig, Thomas"]
[Black "Velasquez, A."]
[Result "0-1"]
[WhiteElo "1605"]
[BlackElo "1645"]
[PlyCount "86"]
[EventDate "1994.??.??"]

{3/(29)} 1. e4 c5 2. Nf3 Nc6 3. d4 cxd4 4. Nxd4 g6 5. Be3 Bg7 6. c4 Nf6 7. Nc3
d6 8. Qd2 Ng4 9. Nxc6 bxc6 10. Bf4 Qa5 11. Be2 Nf6 12. O-O O-O 13. Bh6 Re8 14.
Bxg7 Kxg7 15. Rfd1 Be6 16. Qd4 Rab8 17. b3 Kg8 18. Qd2 Red8 19. Na4 Qxd2 20.
Rxd2 Nxe4 21. Rd4 Nf6 22. Rad1 Nd7 23. c5 d5 24. Bg4 Bxg4 25. Rxg4 Nf6 26. Rf4
Kg7 27. Re1 Rd7 28. Rf3 Re8 29. Nb2 e5 30. h3 Ne4 31. Rfe3 f6 32. b4 Rb8 33. a3
a5 34. Nd3 axb4 35. axb4 Nd2 36. R1e2 Nc4 37. Rg3 e4 38. Nf4 Rxb4 39. Rc3 Kf7
40. Rec2 Ne5 41. Kf1 d4 42. Ra3 d3 43. Rd2 Nc4 0-1

[Event "Detroit (MCO/C/1b/5)"]
[Site "?"]
[Date "1994.??.??"]
[Round "?"]
[White "Hartwig, Thomas"]
[Black "Piasecki, Vince"]
[Result "0-1"]
[WhiteElo "1605"]
[BlackElo "1605"]
[PlyCount "78"]
[EventDate "1994.??.??"]

1. e4 c5 2. d4 cxd4 3. Nf3 Nc6 4. Nxd4 e6 5. c4 g6 6. Nc3 Bg7 7. Be3 a6 8. Qd2
Nge7 9. h4 O-O 10. Nxc6 bxc6 11. Bh6 Re8 12. Bxg7 Kxg7 13. h5 Ng8 14. h6+ Kh8
15. g4 d5 16. O-O-O Bb7 17. exd5 cxd5 18. cxd5 Nf6 19. g5 Nd7 20. dxe6 fxe6 21.
Qd4+ e5 22. Qa4 Qxg5+ 23. Kb1 Bxh1 24. Qxd7 Qxh6 25. Bc4 Bf3 26. Rd3 Qh1+ 27.
Kc2 Rad8 28. Qxd8 Rxd8 29. Rxd8+ Kg7 30. Rd7+ Kh6 31. Bg8 Be4+ 32. Kb3 g5 33.
Nxe4 Qxe4 34. Rxh7+ Kg6 35. Rf7 Qd3+ 36. Kb4 a5+ 37. Kc5 Qd4+ 38. Kc6 Qxb2 39.
Kd6 Qb8+ 0-1

[Event "Detroit (MCO/C/6/9)"]
[Site "?"]
[Date "1994.??.??"]
[Round "?"]
[White "Hartwig, Thomas"]
[Black "Palmeri, S."]
[Result "0-1"]
[WhiteElo "1605"]
[BlackElo "1605"]
[PlyCount "44"]
[EventDate "1994.??.??"]

{6/(9)} 1. e4 c6 2. d4 d5 3. exd5 cxd5 4. c4 Nf6 5. Nc3 Nc6 6. Nf3 Bg4 7. Be3
e6 8. h3 Bh5 9. Be2 Bb4 10. a3 Bxc3+ 11. bxc3 Ne4 12. Qb3 O-O 13. cxd5 exd5 14.
Qxb7 Na5 15. Qb2 Rb8 16. Qc2 Rb3 17. c4 Qc7 18. O-O Rc3 19. Qb2 Rb8 20. Qa2
Rcb3 21. Rfb1 Nc3 22. Rxb3 Nxa2 0-1

[Event "Eastpointe (EDO/3/26)"]
[Site "?"]
[Date "1994.??.??"]
[Round "?"]
[White "Hartwig, Thomas"]
[Black "Melton, J."]
[Result "0-1"]
[WhiteElo "1605"]
[BlackElo "1605"]
[PlyCount "34"]
[EventDate "1994.??.??"]

{3/(26)} 1. e4 e5 2. Nf3 Nc6 3. Bc4 Nf6 4. Ng5 d5 5. exd5 Nxd5 6. Nxf7 Kxf7 7.
Qf3+ Qf6 8. Bxd5+ Be6 9. Bxe6+ Kxe6 10. Qxf6+ gxf6 11. c3 Rg8 12. O-O h5 13.
Na3 a6 14. Nc2 a5 15. Re1 Kf7 16. Rd1 h4 17. g3 Bd6 {[Remainder illegible; 0-1,
27?]} 0-1

[Event "Romulus (RVO/2/21)"]
[Site "?"]
[Date "1994.??.??"]
[Round "?"]
[White "Hartwig, Thomas"]
[Black "Matias, I.C."]
[Result "0-1"]
[WhiteElo "1605"]
[BlackElo "1645"]
[PlyCount "63"]
[EventDate "1994.??.??"]

{2/(21)} 1. e4 e6 2. d4 d5 3. Nc3 Nf6 4. e5 Nfd7 5. f4 c5 6. Nf3 Nc6 7. dxc5
Bxc5 8. Bd3 a6 9. Qe2 O-O 10. Bxh7+ Kxh7 11. Ng5+ Kg6 12. Qd3+ f5 13. Nxe6 Qh4+
14. g3 Qg4 15. Nxf8+ Bxf8 16. Nxd5 Nc5 17. Qe2 Qh3 18. Be3 Ne4 19. O-O-O Rb8
20. Qf1 Qh5 21. Qd3 Be6 22. Qc4 Kf7 23. Qd3 Rd8 24. c4 b5 25. cxb5 Rxd5 26.
bxc6 Rxd3 27. c7 Qe2 28. Rxd3 Qxd3 29. Bb6 Qc4+ 30. Kb1 Qxa2+ 31. Kc2 Qb3+ 32.
Kb1 0-1